MARC details
| 000 -LEADER |
| campo de control de longitud fija |
01973nam a2200469 i 4500 |
| 001 - NÚMERO DE CONTROL |
| campo de control |
193009 |
| 003 - IDENTIFICADOR DE NÚMERO DE CONTROL |
| campo de control |
SpMaBN |
| 005 - FECHA Y HORA DE LA ÚLTIMA TRANSACCIÓN |
| campo de control |
20240529062956.0 |
| 007 - CAMPO FIJO DE DESCRIPCIÓN FÍSICA--INFORMACIÓN GENERAL |
| campo de control de longitud fija |
ta |
| 008 - DATOS DE LONGITUD FIJA--INFORMACIÓN GENERAL |
| campo de control de longitud fija |
230722s2006 sp | o||| ||spa |
| 016 7# - NÚMERO DE CONTROL DE UNA AGENCIA BIBLIOGRÁFICA NACIONAL |
| Número de control del registro |
bimoBNE20061059757 |
| Fuente |
SpMaBN |
| 017 ## - NÚMERO DE COPYRIGHT O DE DEPÓSITO LEGAL |
| Número de copyright o de depósito legal |
H 70-2006 |
| Agencia que asigna |
Oficina Depósito Legal Huelva |
| 020 ## - NÚMERO INTERNACIONAL ESTÁNDAR DEL LIBRO |
| Número Internacional Estándar del Libro |
8481633976 |
| 035 ## - NÚMERO DE CONTROL DEL SISTEMA |
| Número de control de sistema |
(OCoLC)733719994 |
| 035 ## - NÚMERO DE CONTROL DEL SISTEMA |
| Número de control de sistema |
bimo0002141930 |
| 040 ## - FUENTE DE CATALOGACIÓN |
| Centro catalogador/agencia de origen |
SpMaBN |
| Lengua de catalogación |
spa |
| Centro/agencia transcriptor |
SpMaBN |
| Normas de descripción |
rdc |
| Centro/agencia modificador |
ES-MaACL |
| 080 ## - NÚMERO DE LA CLASIFICACIÓN DECIMAL UNIVERSAL |
| Número de la Clasificación Decimal Universal |
338.45(460.354 Isla Cristina)"18/19" |
| 080 ## - NÚMERO DE LA CLASIFICACIÓN DECIMAL UNIVERSAL |
| Número de la Clasificación Decimal Universal |
308(460.354 Isla Cristina)"18/19" |
| 080 ## - NÚMERO DE LA CLASIFICACIÓN DECIMAL UNIVERSAL |
| Número de la Clasificación Decimal Universal |
721(460.354 Isla Cristina) |
| 100 1# - ENTRADA PRINCIPAL--NOMBRE DE PERSONA |
| Nombre de persona |
López Márquez, Vicente, |
| Fechas asociadas al nombre |
1965- |
| 9 (RLIN) |
233794 |
| Término indicativo de función/relación |
Autor |
| 245 10 - MENCIÓN DEL TÍTULO |
| Título |
Isla Cristina : |
| Resto del título |
por los caminos de la historia / |
| Mención de responsabilidad, etc. |
Vicente López Márquez. |
| 260 ## - PUBLICACIÓN, DISTRIBUCIÓN, ETC. |
| Lugar de publicación, distribución, etc. |
[Huelva] : |
| Nombre del editor, distribuidor, etc. |
Diputación de Huelva, Servicio de Publicaciones, |
| Fecha de publicación, distribución, etc. |
2006. |
| 300 ## - DESCRIPCIÓN FÍSICA |
| Extensión |
445 páginas : |
| Otras características físicas |
ilustraciones (blanco y negro y color), mapas ; |
| Dimensiones |
24 cm |
| 336 ## - TIPO DE CONTENIDO |
| Fuente |
rdacontent |
| Término de tipo de contenido |
Texto |
| 337 ## - TIPO DE MEDIO |
| Fuente |
rdamedia |
| Nombre/término del tipo de medio |
sin mediación |
| 338 ## - TIPO DE SOPORTE |
| Fuente |
rdacarrier |
| Nombre/término del tipo de soporte |
volumen |
| 500 ## - NOTA GENERAL |
| Nota general |
Índice |
| 500 ## - NOTA GENERAL |
| Nota general |
En portada: "Cumplimos 250 años, Isla Cristina" |
| 504 ## - NOTA DE BIBLIOGRAFÍA, ETC. |
| Nota de bibliografía, etc. |
Bibliografía: páginas 441-445 |
| 505 ## - NOTA DE CONTENIDO CON FORMATO |
| Nota de contenido con formato |
Apéndice A. El enigma de la ermita de Ntra. Señora de la Soledad / por Agustín P. Figuereo. Apéndice B. Aquel Rosario de 1852 / por Jesús Bogarín Díaz |
| 610 20 - PUNTO DE ACCESO ADICIONAL DE MATERIA--NOMBRE DE ENTIDAD CORPORATIVA |
| 9 (RLIN) |
236687 |
| Nombre de entidad corporativa o nombre de jurisdicción como elemento de entrada |
Ermita de Nuestra Señora de la Soledad (Isla Cristina) |
| 650 #0 - PUNTO DE ACCESO ADICIONAL DE MATERIA--TÉRMINO DE MATERIA |
| Término de materia o nombre geográfico como elemento de entrada |
Pesca- |
| Subdivisión geográfica |
Isla Cristina |
| Fuente del encabezamiento o término |
embne |
| 9 (RLIN) |
233795 |
| 650 #0 - PUNTO DE ACCESO ADICIONAL DE MATERIA--TÉRMINO DE MATERIA |
| Término de materia o nombre geográfico como elemento de entrada |
Arquitectura- |
| Subdivisión geográfica |
Isla Cristina |
| 9 (RLIN) |
233796 |
| 651 #0 - PUNTO DE ACCESO ADICIONAL DE MATERIA--NOMBRE GEOGRÁFICO |
| Nombre geográfico |
Isla Cristina- |
| Subdivisión general |
Situación social |
| 9 (RLIN) |
233797 |
| 700 1# - ENTRADA AGREGADA--NOMBRE PERSONAL |
| Fuente del encabezamiento o término |
Figuereo |
| 9 (RLIN) |
236685 |
| Nombre de persona |
Figuereo, Agustín P., |
| Fechas asociadas al nombre |
1979- |
| Término indicativo de función/relación |
Autor |
| 700 1# - ENTRADA AGREGADA--NOMBRE PERSONAL |
| 9 (RLIN) |
236686 |
| Nombre de persona |
Bogarín Díaz, Jesús, |
| Fechas asociadas al nombre |
1961- |
| Término indicativo de función/relación |
Autor |
| 710 1# - ENTRADA AGREGADA--NOMBRE DE ENTIDAD CORPORATIVA |
| 9 (RLIN) |
4624 |
| Nombre de entidad corporativa o nombre de jurisdicción como elemento de entrada |
Huelva (Provincia). |
| Unidad subordinada |
Diputación Provincial |
| Término indicativo de función/relación |
Editor |
| 852 ## - LOCALIZACIÓN |
| Ubicación |
ES-MaACL |
| Sublocalización o colección |
R.153200 |
| Ubicación en estantería |
Depósito J |
| Donativo/Legado |
Donación: Editorial |
| Número de control de estantería |
N-8505 |
| itemnumber |
200315 |
| 942 ## - ELEMENTOS DE ENTRADA SECUNDARIOS (KOHA) |
| Suprimir en OPAC |
No |
| Tipo de ítem Koha |
Libro impreso |